000
00496nam a2200181Ia 4500
008
090123s9999 xx 000 0 und d
082
_b
2130
100
_a
गोखले अरविंद
245
_a
शकुन्त
250
_a
1
260
_b
कुलकर्णी अ.अ.
300
_a
168
600
_a
गोखले अरविंद
630
_a
शकुन्त
700
_a
गोखले अरविंद
730
_a
शकुन्त
942
_c
BOOK
999
_c
40214
_d
40214